| 000 | 00358nam a2200157Ia 4500 | ||
|---|---|---|---|
| 008 | 221030s9999 xx 000 0 und d | ||
| 020 | _a9812406271 | ||
| 041 | _aEnglish | ||
| 082 |
_a105.23 _bPra |
||
| 100 | _aV. Prakash | ||
| 245 | 0 | _aStrategic Management | |
| 260 |
_bAnmol Pub _aNew Delhi _c2005 |
||
| 300 | _a488 | ||
| 650 | _aManagement | ||
| 942 | _cBK | ||
| 999 |
_c1924 _d1924 |
||